| 000 | 02980cam a2200349 a 4500 | ||
|---|---|---|---|
| 001 | 16397893 | ||
| 003 | ARRUPE | ||
| 005 | 20140701020004.0 | ||
| 008 | 100812s2011 enk f 000 0 eng | ||
| 010 | _a 2010029796 | ||
| 015 |
_aGBB167927 _2bnb |
||
| 016 | 7 |
_a015820385 _2Uk |
|
| 020 | _a9780195326093 (alk. paper) | ||
| 020 | _a0195326091 (alk. paper) | ||
| 035 | _a(OCoLC)ocn656158705 | ||
| 040 |
_aDLC _beng _cDLC _dYDXCP _dERASA _dTLE _dBWX _dBDX _dZCU _dCDX _dLML _dUKMGB _dKIJ _dDLC |
||
| 050 | 0 | 0 |
_aB765.T54 _bO94 2011 |
| 245 | 0 | 4 |
_aThe Oxford handbook of Aquinas / _cedited by Brian Davies and Eleonore Stump. |
| 260 |
_aOxford ; _aNew York : _bOxford University Press, _c2011. |
||
| 300 |
_axv, 589 p. ; _c26 cm. |
||
| 490 | 1 | _aOxford handbooks | |
| 500 | _aSeries title from book jacket. | ||
| 504 | _aIncludes bibliographical references (p. [541]-567) and index. | ||
| 505 | 0 | _aLife and works / Jean-Pierre Torrell -- Aquinas and Aristotle / James Doig -- Augustine to Aquinas (Latin-Christian authors) / Alexander Fidora -- Aquinas, Plato, and neoplatonism / Wayne J. Hankey -- Aquinas and Jewish and Islamic authors / David B. Burrell -- Being / John F. Wippel -- Matter, form, and individuation / Jeffrey E. Bower -- Causation / Michael Rota -- The five ways / Timothy Pawl -- God's simplicity / Eleonore Stump -- God's goodness / Ludger Honnefelder -- God's knowledge and will / James Brent -- God's impassibility, immutability, and eternality / Brian Leftow -- God's omnipotence / Brian Leftow -- Human freedom and agency / Thomas Williams -- Emotions / Peter King -- Happiness / Brian Davies -- Law and natural law / Michael Baur -- Conscience and synderesis / Tobias Hoffmann -- Virtues and vices / Jean Porter -- Practical reasoning / Thomas M. Osborne, Jr. -- The theological virtues / Joseph Wawrykow -- Human knowledge / Martin Pickavé -- The intellectual virtues / Tobias Hoffmann -- The relation of reason to faith / Bruno Niederbacher -- Philosophy of mind and human nature / Robert Pasnau -- Theory of language / Gyula Klima -- The limits of language and the notion of analogy / Brian Davies -- Providence and the problem of evil / Eleonore Stump -- The Trinity / Gilles Emery -- Incarnation / Michael Gorman -- The saving work of Christ / Rik Van Nieuwenhove -- Sacraments / Dominic Holtz -- Resurrection and the separated soul / Eleonore Stump -- Prayer / Brian Davies -- The gifts and fruits of the Holy Spirit / Andrew Pinsent -- The development of Aquinas's thought / Giorgio Pini -- The influence of Aquinas / Christopher Upham. | |
| 600 | 0 | 0 |
_aThomas, _cAquinas, Saint, _d1225?-1274 _vHandbooks, manuals, etc. _99291 |
| 700 | 1 |
_aDavies, Brian, _d1951- _99292 |
|
| 700 | 1 |
_aStump, Eleonore, _d1947- _99293 |
|
| 830 | 0 |
_aOxford handbooks. _99294 |
|
| 906 |
_a7 _bcbc _corignew _d1 _eecip _f20 _gy-gencatlg |
||
| 942 |
_2lcc _cMONOGRAPH _02 |
||
| 999 |
_c120261 _d120261 |
||